| 000 | 00388nam a2200121Ia 4500 | ||
|---|---|---|---|
| 008 | 170221s9999 xx 000 0 und d | ||
| 100 | _aVal Ricks | ||
| 245 | _aNo Power to be Disloyal (or, How Not to Write a Loyalty Opinion) | ||
| 245 | _cVal Ricks | ||
| 260 | _c2013 | ||
| 650 | _xBusiness | ||
| 856 | _uhttp://digitalcommons.pepperdine.edu/cgi/viewcontent.cgi?article=1093&context=jbel | ||
| 999 |
_c309653 _d309653 |
||